000 00625nam a22001577a 4500
008 160507b xxu||||| |||| 00| 0 eng d
082 _22014
_aUT 0535
_bJ56
100 _97770
_aJimenea, Nemia A.
245 _aLevel of utilization of instructional aids and linguistic performance of third year English major students/
_cNemia, A. Jemenea, Abegail R. Laranjo and Grace G. Monteliza.
260 _aDigos City:
_bUMDC
_cOctober 2014.
300 _a49 pages;
_c29.5 cm.
650 0 _97769
_aEducation
_vEnglish
_xUndergraduate thesis.
700 _97767
_aLaranjo, Abegail R.
700 _97768
_aMonteliza, Grace G.
942 _2ddc
_cUT
999 _c2367
_d2367